Mathematical methods in science /
Guardado en:
| Autor Principal: | |
|---|---|
| Otros Autores: | |
| Formato: | Libro |
| Idioma: | English |
| Publicado: |
Washington :
Mathematical Association of America,
c1977.
|
| Edición: | [Rev. ed.]. |
| Series: | New mathematical library ;
26 |
| Materias: | |
| Acceso en línea: | Publisher description |
| Etiquetas: |
Agregar Etiqueta
Sin Etiquetas, Sea el primero en etiquetar este registro!
|
| LEADER | 01281cam a2200277 a 4500 | ||
|---|---|---|---|
| 001 | MAT.inmabb002856 | ||
| 008 | 771115s1977####dcua##########000#0#eng## | ||
| 005 | 20151112155528.0 | ||
| 245 | 1 | 0 | |a Mathematical methods in science / |c by George Pólya ; edited by Leon Bowden. |
| 250 | |a [Rev. ed.]. | ||
| 260 | |a Washington : |b Mathematical Association of America, |c c1977. | ||
| 300 | |a xi, 234 p. : |b il. ; |c 23 cm. | ||
| 440 | 0 | |a New mathematical library ; |v 26 | |
| 500 | |a "Originally appeared in 1963 as vol. XI of the Studies in mathematics series sponsored by the School Mathematics Studies Group". | ||
| 505 | 8 | |a Capítulos: 1. From the history of astronomy: measurement and successive approximation -- 2. From the history of statics -- 3. From the history of dynamics -- 4. Physical reasoning in mathematics -- 5. Differential equations and their use in science. | |
| 510 | 4 | |a MR, |c 55 #12401 | |
| 020 | |a 0883856263 | ||
| 100 | 1 | |a Pólya, George, |d 1887-1985. | |
| 700 | 1 | |a Bowden, Leon. |4 edt | |
| 650 | 0 | |a Mathematics. | |
| 650 | 0 | |a Science |x Mathematics. | |
| 084 | |a 00A69 |2 msc2000 | ||
| 010 | |a 76025863 | ||
| 040 | |a DLC |c DLC |d DLC | ||
| 856 | 4 | 2 | |3 Publisher description |u http://www.loc.gov/catdir/description/cam022/76025863.html |
| 859 | |h 00A69 |i P781 |p A-5449 |b BIB. MATEMATICA | ||
